[Event "SRB Central-chT qual"]
[Site "Nis"]
[Date "2014.10.04"]
[Round "4"]
[White "Radivojevic, Milojko"]
[Black "Golubovic, Zoran"]
[Result "1/2-1/2"]
[WhiteElo "2304"]
[BlackElo "2282"]
[PlyCount "50"]
[EventDate "2014.10.02"]
[EventType "team-tourn"]
[EventRounds "7"]
[EventCountry "SRB"]
[SourceTitle "CBM 163 Extra"]
[Source "ChessBase"]
[SourceDate "2014.12.23"]
[SourceVersion "1"]
[SourceVersionDate "2014.12.23"]
[SourceQuality "1"]

1. e4 e5 2. Nc3 d6 3. g3 Nf6 4. Bg2 Be7 5. Nge2 c6 6. d4 0-0 7. a4 Nbd7 8. 0-0 Re8 9. h3 Qc7 10. Be3 exd4 11. Nxd4 Bf8 12. Re1 a5 13. Qd2 Ne5 14. b3 Ng6 15. f4 Bd7 16. Qf2 Rab8 17. g4 b5 18. g5 b4 19. f5 Ne5 20. Nce2 Nh5 21. Bf3 Nxf3+ 22. Qxf3 g6 23. Rf1 c5 24. fxg6 hxg6 25. Qxf7+ Kh8 1/2-1/2

[Event "Belgrade Winter op"]
[Site "Belgrade"]
[Date "2006.01.26"]
[Round "6"]
[White "Radivojevic, Milojko"]
[Black "Eric, Dusan"]
[Result "1-0"]
[WhiteElo "2243"]
[BlackElo "2193"]
[PlyCount "84"]
[EventDate "2006.01.21"]
[EventType "swiss"]
[EventRounds "9"]
[EventCountry "YUG"]
[SourceTitle "CBM 110 Extra"]
[Source "ChessBase"]
[SourceDate "2006.03.10"]
[SourceVersion "2"]
[SourceVersionDate "2006.03.10"]
[SourceQuality "1"]

1. e4 c5 2. Nc3 Nc6 3. g3 g6 4. Bg2 Bg7 5. d3 e6 6. Be3 b6 7. Qd2 Nge7 8. Nge2 0-0 9. Bh6 d5 10. Bxg7 Kxg7 11. exd5 exd5 12. 0-0 d4 13. Ne4 h6 14. Qc1 Be6 15. Nf4 Bc8 16. a4 Rb8 17. Re1 Bf5 18. h3 Qd7 19. Nd2 h5 20. Nc4 Rh8 21. Qd1 Ng8 22. Qf3 Nb4 23. Ne5 Qc7 24. Nd5 Nxd5 25. Qxd5 Nf6 26. Qc6 Qd8 27. Qf3 Rc8 28. Nc6 Qd7 29. Re7 Qd6 30. Rae1 Rhe8 31. Rxe8 Rxe8 32. Rxe8 Nxe8 33. Nxa7 Qd7 34. Qc6 Qe7 35. Kf1 c4 36. Qxb6 Qd7 37. Nb5 cxd3 38. Qxd4+ Qxd4 39. Nxd4 dxc2 40. Nb3 Nd6 41. Nc1 Bd7 42. b3 Nf5 1-0

[Event "Belgrade Winter op"]
[Site "Belgrade"]
[Date "2006.01.21"]
[Round "1"]
[White "Dimitrijevic, Radmilo"]
[Black "Radivojevic, Milojko"]
[Result "1/2-1/2"]
[WhiteElo "1922"]
[BlackElo "2243"]
[PlyCount "100"]
[EventDate "2006.01.21"]
[EventType "swiss"]
[EventRounds "9"]
[EventCountry "YUG"]
[SourceTitle "CBM 110 Extra"]
[Source "ChessBase"]
[SourceDate "2006.03.10"]
[SourceVersion "2"]
[SourceVersionDate "2006.03.10"]
[SourceQuality "1"]

1. e4 e5 2. Nf3 d6 3. d4 Nf6 4. Nc3 Nbd7 5. Bc4 Be7 6. 0-0 c6 7. Bb3 0-0 8. h3 Qc7 9. Be3 exd4 10. Nxd4 Nc5 11. f3 Re8 12. Qd2 Bd7 13. Qf2 Rad8 14. Nde2 Bc8 15. Rad1 Nfd7 16. Qg3 Nxb3 17. axb3 Bf8 18. Nd4 f6 19. Rfe1 Ne5 20. f4 Nf7 21. Qf2 b6 22. Ra1 a6 23. Nde2 c5 24. Nd5 Qb7 25. Nec3 Rxe4 26. Nxe4 Qxd5 27. Nc3 Qc6 28. Qf3 Qxf3 29. gxf3 d5 30. Bf2 a5 31. Na4 Bf5 32. Nxb6 Bxc2 33. Rxa5 d4 34. Nc4 Bxb3 35. Nd2 Bc2 36. Rc1 Bd3 37. Nb3 Be2 38. Nxc5 d3 39. Nxd3 Bxd3 40. Rd1 Be7 41. Bb6 Rd7 42. Ra8+ Nd8 43. Kf2 Kf7 44. Ke3 Ne6 45. Rxd3 Rb7 46. Bd4 Nxd4 47. Kxd4 Rxb2 48. Ra7 Kf8 49. Ra8+ Kf7 50. Ra7 Kf8 1/2-1/2

[Event "Belgrade Trophy 18th"]
[Site "Obrenovac"]
[Date "2005.??.??"]
[Round "4"]
[White "Radivojevic, Milojko"]
[Black "Rusev, Krasimir"]
[Result "0-1"]
[WhiteElo "2234"]
[BlackElo "2426"]
[PlyCount "100"]
[EventDate "2005.11.22"]
[EventType "swiss"]
[EventRounds "9"]
[EventCountry "YUG"]
[SourceTitle "CBM 109 Extra"]
[Source "ChessBase"]
[SourceDate "2006.01.03"]
[SourceVersion "2"]
[SourceVersionDate "2006.01.03"]
[SourceQuality "1"]

1. d4 Nf6 2. Nf3 e6 3. Bf4 c5 4. c3 Qb6 5. Qb3 Nc6 6. dxc5 Bxc5 7. Qxb6 Bxb6 8. Nbd2 d5 9. e3 0-0 10. h3 Bd7 11. Be2 Rfe8 12. Ne5 Nxe5 13. Bxe5 Bc6 14. Bxf6 gxf6 15. 0-0 Rad8 16. Nb3 a6 17. Nd4 Ba4 18. Bd1 Bxd1 19. Rfxd1 Rc8 20. Rd2 Kf8 21. g4 Ke7 22. f3 h5 23. Kf2 Rh8 24. Rg1 hxg4 25. hxg4 Rcg8 26. Rg2 Rh1 27. a3 Rgh8 28. Rg1 R8h2+ 29. Rg2 Rh3 30. Rg3 Rh8 31. Rg1 R1h4 32. Kf1 Rh3 33. Rf2 f5 34. g5 Rg8 35. Ke2 e5 36. Nc2 f4 37. Rfg2 Ke6 38. Rd1 fxe3 39. Nxe3 d4 40. Nc4 Ba7 41. cxd4 Bxd4 42. b3 f6 43. Nd2 fxg5 44. Ne4 g4 45. Rg3 gxf3+ 46. Kxf3 Rhxg3+ 47. Nxg3 Rf8+ 48. Kg4 Rf4+ 49. Kg5 Rf3 50. Ne4 Re3 0-1

[Event "Boskovic Memorial"]
[Site "Bijelo Polje"]
[Date "2004.09.23"]
[Round "5"]
[White "Rosandic, Martin"]
[Black "Radivojevic, Milojko"]
[Result "0-1"]
[WhiteElo "1948"]
[BlackElo "2234"]
[PlyCount "85"]
[EventDate "2004.09.20"]
[EventType "swiss"]
[EventRounds "9"]
[EventCountry "YUG"]
[SourceTitle "EXT 2019"]
[Source "ChessBase"]
[SourceDate "2018.10.10"]
[SourceVersion "1"]
[SourceVersionDate "2018.10.10"]
[SourceQuality "1"]

1. d4 d5 2. c4 c6 3. Nf3 Nf6 4. Nc3 e6 5. Bg5 Be7 6. Qc2 Nbd7 7. c5 b6 8. cxb6 axb6 9. e4 dxe4 10. Nxe4 Nxe4 11. Bxe7 Qxe7 12. Qxe4 Qb4+ 13. Nd2 Qxb2 14. Rb1 Qc3 15. Bc4 Bb7 16. Rd1 0-0 17. 0-0 Nf6 18. Qh4 Rfd8 19. Bb3 Rxd4 20. Qg5 h6 21. Qe3 Qxe3 22. fxe3 Rdd8 23. e4 Nd7 24. Nc4 Ba6 25. Rxd7 Rxd7 26. Nxb6 Bxf1 27. Nxd7 Ba6 28. Nc5 Kf8 29. Kf2 Ke7 30. e5 Bc8 31. Ke3 f6 32. Ke4 Ra5 33. Nd3 Ba6 34. exf6+ gxf6 35. Nb4 Bb7 36. Ke3 c5 37. Nd3 Bd5 38. Nc1 Bxg2 39. Nd3 Bd5 40. Bxd5 exd5 41. Nc1 Ke6 42. Nb3 Ra3 43. Kf4 0-1

[Event "YUG-ch sf"]
[Site "Niska Banja"]
[Date "1996.??.??"]
[Round "5"]
[White "Jovanovic, Sasa M"]
[Black "Radivojevic, Milojko"]
[Result "1/2-1/2"]
[WhiteElo "2330"]
[BlackElo "2220"]
[PlyCount "71"]
[EventDate "1996.??.??"]
[EventType "swiss"]
[EventRounds "11"]
[EventCountry "YUG"]
[SourceTitle "EXT 2002"]
[Source "ChessBase"]
[SourceDate "2001.11.25"]
[SourceVersion "1"]
[SourceVersionDate "2001.11.25"]
[SourceQuality "1"]

1. e4 e6 2. d4 d5 3. Nc3 Nf6 4. Bg5 Be7 5. e5 Ne4 6. Nxe4 Bxg5 7. Nxg5 Qxg5 8. Nf3 Qe7 9. c3 c5 10. Bd3 Bd7 11. 0-0 Nc6 12. dxc5 Qxc5 13. Qd2 Qe7 14. Qe3 h6 15. h4 0-0 16. Rae1 f6 17. g3 Be8 18. exf6 Rxf6 19. Ne5 Bh5 20. f4 Raf8 21. Kg2 Nxe5 22. Qxe5 Qf7 23. Qd4 Bg6 24. Re5 b6 25. Rfe1 Kh8 26. c4 dxc4 27. Qxc4 Bf5 28. Bxf5 exf5 29. Qxf7 R6xf7 30. h5 Kh7 31. Re7 g5 32. hxg6+ Kxg6 33. R1e6+ Kg7 34. Kh3 Rxe7 35. Rxe7+ Rf7 36. Re6 1/2-1/2

[Event "YUG-ch sf"]
[Site "Niska Banja"]
[Date "1996.??.??"]
[Round "10"]
[White "Radivojevic, Milojko"]
[Black "Bokan, Danko"]
[Result "0-1"]
[WhiteElo "2220"]
[BlackElo "2270"]
[PlyCount "84"]
[EventDate "1996.??.??"]
[EventType "swiss"]
[EventRounds "11"]
[EventCountry "YUG"]
[SourceTitle "EXT 2002"]
[Source "ChessBase"]
[SourceDate "2001.11.25"]
[SourceVersion "1"]
[SourceVersionDate "2001.11.25"]
[SourceQuality "1"]

1. e4 e5 2. Nf3 Nc6 3. d4 exd4 4. Bc4 Nf6 5. Ng5 Ne5 6. Qxd4 Nxc4 7. Qxc4 d5 8. exd5 Qxd5 9. Qe2+ Be7 10. 0-0 h6 11. Re1 Qd8 12. Nf3 Be6 13. Rd1 Qc8 14. Nd4 0-0 15. Nxe6 Qxe6 16. Qxe6 fxe6 17. Be3 Ng4 18. Re1 Nxe3 19. Rxe3 Bc5 20. Rf3 Rad8 21. Nc3 Rxf3 22. gxf3 Rd2 23. Ne4 Rxc2 24. Nxc5 Rxc5 25. Rd1 Kf7 26. Rd2 Kf6 27. Kg2 Rg5+ 28. Kf1 Rd5 29. Rc2 c5 30. a3 b5 31. Re2 c4 32. Kg2 Rd3 33. Rc2 Rb3 34. a4 a6 35. axb5 axb5 36. Kg3 Ke5 37. Rd2 b4 38. Kg4 Rd3 39. f4+ Kd5 40. Re2 c3 41. bxc3 bxc3 42. f5 e5 0-1

[Event "YUG-ch sf"]
[Site "Niska Banja"]
[Date "1996.??.??"]
[Round "11"]
[White "Radivojevic, Milojko"]
[Black "Kajganovic, Miodrag"]
[Result "0-1"]
[WhiteElo "2220"]
[BlackElo "2305"]
[PlyCount "80"]
[EventDate "1996.??.??"]
[EventType "swiss"]
[EventRounds "11"]
[EventCountry "YUG"]
[SourceTitle "EXT 2002"]
[Source "ChessBase"]
[SourceDate "2001.11.25"]
[SourceVersion "1"]
[SourceVersionDate "2001.11.25"]
[SourceQuality "1"]

1. e4 e5 2. Nf3 Nc6 3. d4 exd4 4. Bc4 Bc5 5. c3 dxc3 6. Nxc3 d6 7. Bg5 Nge7 8. Nd5 h6 9. Bh4 Qd7 10. 0-0 0-0 11. Bb5 Ng6 12. Bf6 a6 13. Bd3 Nb4 14. Nxb4 Bxb4 15. a3 Bc5 16. Bc3 Qg4 17. h3 Qh5 18. b4 Bb6 19. Nd4 Qxd1 20. Rfxd1 Re8 21. Kf1 Bd7 22. a4 Nf4 23. Bc2 g6 24. Rac1 Rad8 25. Bb2 d5 26. exd5 Nxd5 27. a5 Ba7 28. Bb3 c6 29. Bxd5 cxd5 30. Rc7 Bc8 31. Nc2 Bb8 32. Rc3 Be6 33. Rcd3 Bf5 34. R3d2 Bd6 35. Rxd5 Bxc2 36. R1d2 Be7 37. Rxd8 Rxd8 38. Rxc2 Bxb4 39. Bf6 Re8 40. f3 Bxa5 0-1

[Event "YUG-ch sf"]
[Site "Niska Banja"]
[Date "1996.??.??"]
[Round "1"]
[White "Raicevic, Ivica"]
[Black "Radivojevic, Milojko"]
[Result "1-0"]
[WhiteElo "2375"]
[BlackElo "2220"]
[PlyCount "59"]
[EventDate "1996.??.??"]
[EventType "swiss"]
[EventRounds "11"]
[EventCountry "YUG"]
[SourceTitle "EXT 2002"]
[Source "ChessBase"]
[SourceDate "2001.11.25"]
[SourceVersion "1"]
[SourceVersionDate "2001.11.25"]
[SourceQuality "1"]

1. c4 e5 2. Nc3 Nc6 3. Nf3 g6 4. g3 Bg7 5. Bg2 d6 6. d3 h6 7. 0-0 Be6 8. Rb1 Qd7 9. Nd5 Nd8 10. b4 c6 11. Nc3 Bh3 12. Bxh3 Qxh3 13. Ne4 Qd7 14. c5 d5 15. Nd6+ Kf8 16. b5 Ne7 17. Qa4 Nc8 18. Ba3 Kg8 19. bxc6 bxc6 20. e4 d4 21. Nd2 h5 22. Qd1 h4 23. Qf3 Qh3 24. Qg2 Qxg2+ 25. Kxg2 h3+ 26. Kf3 Bf8 27. N2c4 f6 28. Ne8 Ne6 29. Nxf6+ Kf7 30. Nd7 1-0

[Event "YUG-ch sf"]
[Site "Niska Banja"]
[Date "1996.??.??"]
[Round "4"]
[White "Stankovic, Dragan"]
[Black "Radivojevic, Milojko"]
[Result "1-0"]
[WhiteElo "2305"]
[BlackElo "2220"]
[PlyCount "69"]
[EventDate "1996.??.??"]
[EventType "swiss"]
[EventRounds "11"]
[EventCountry "YUG"]
[SourceTitle "EXT 2002"]
[Source "ChessBase"]
[SourceDate "2001.11.25"]
[SourceVersion "1"]
[SourceVersionDate "2001.11.25"]
[SourceQuality "1"]

1. g3 e5 2. Bg2 Nc6 3. c4 g6 4. Nc3 Bg7 5. d3 d6 6. e4 Be6 7. Nge2 Qd7 8. Nd5 Nd8 9. d4 c6 10. Ne3 Bh3 11. dxe5 Bxg2 12. Nxg2 dxe5 13. Qxd7+ Kxd7 14. Be3 Ne6 15. 0-0-0+ Kc7 16. f3 Ne7 17. Ne1 Rad8 18. Nd3 b6 19. b4 Rd7 20. a4 Kb7 21. Kc2 f5 22. b5 c5 23. a5 Rc8 24. Kb3 Rcd8 25. Nf2 Nd4+ 26. Nxd4 exd4 27. Bg5 fxe4 28. Nxe4 h6 29. Bxe7 Rxe7 30. Kc2 Rf8 31. Rhf1 g5 32. Kd3 Be5 33. Rde1 Rf5 34. Re2 Ref7 35. Ref2 1-0